000
00315nam a2200109Ia 4500
008
220204s9999 xx 000 0 und d
082
_a
004.383.3
_b
DIN
100
_a
Diniz, Paulo S R
245
0
_a
Digital signal processing : Syatem analysis and design
260
_a
UK
_b
Cambridge University Press
_c
2002
942
_c
BK
999
_c
42291
_d
42291